| 000 | 00423nam a2200157 i 4500 | ||
|---|---|---|---|
| 001 | bg | ||
| 100 | 1 | _aMUZYKA, Z. N. | |
| 245 | 0 |
_aProjektowanie stopni wielkiej częstotliwości... / _cZ.N. Muzyka, V.E. Pustovarov, B.E. Sinickij. |
|
| 260 |
_aWarszawa, _c1978. |
||
| 700 | 1 | _aPUSTOVAROV, V. E. | |
| 700 | 1 | _aSINICKIJ, B. E. | |
| 040 | _cBPK | ||
| 041 | _apol | ||
| 942 | _cKS | ||
| 008 | s pl f |000 0 pol | ||
| 999 |
_c9850 _d9850 |
||
| 856 |
_uhttp://koha.tu.koszalin.pl/cgi-bin/koha/opac-detail.pl?biblionumber=9850 _yKatalog online BPK |
||